000 01073cam a22003497a 4500
003 CHAP
005 20220329142737.0
008 030424d1999 us ab r 00010 eng d
010 _a87143
011 _a88115
020 _a1572590416
035 _a98660
040 _cCHAP
082 0 4 _a580
_bR3 1999
100 0 0 _aRaven, Peter H.
_994768
245 1 0 _aBiology of plants
_c/by Peter H. Raven, Ray F. Evert & Susan E. Eichhorn
250 _a6 ed.
260 _aNew York :
_bW.H. Freeman,
_c1999.
300 _a944 p.
_b: ilus.
590 _aBATCH-UPD
_b10
_c20130110
_lUCH01
_h0822
590 _aBATCH-UPD
_b10
_c20130410
_lUCH01
_h0459
590 _aBATCH-UPD
_b10
_c20130914
_lUCH01
_h0737
590 _aCONVERSION
_b10
_c20130109
_lUCH01
_h1348
650 1 4 _aBotánica.
_914477
650 1 4 _aFisiologĂ­a vegetal.
_941136
700 0 _aEichhorn,Susan E.
_935791
700 0 _aEvert, Ray F.
_939000
901 _aBK
905 _aMayto Villalobos S.
942 _cLIBRO
949 _a580 R3 1999
_bBC
_cLIBRO
_d33724000891180
_eLIBRO
_h103114
_i98660
_mI. 217063
_si
_t$970.00
999 _c87143
_d87143